Šesťdesiate výročie uzákonenia vysokoškolského vzdelávania učiteľov

Etapy vývoja učiteľského vzdelávania. Úsilie o vysokoškolské vzdelávanie učiteľov v období prvej Československej republiky. Návrhy na riešenie vzdelávania učiteľov národných (elementárnych) škôl. Svojpomocné vzdelávanie učiteľov - školy vysokých štúdií pedagogických (ŠVSP). Zvýšenie úrovne vzdelávan...

Ausführliche Beschreibung

Gespeichert in:
Bibliographische Detailangaben
1. Verfasser: Kompoltová, Soňa
Format: Buchkapitel
Sprache:Slowakisch
Schlagworte:
Tags: Tag hinzufügen
Keine Tags, Fügen Sie das erste Tag hinzu!

MARC

LEADER 00000naa$a2200000$$$4500
001 0048370
005 20240502071545.6
041 0 |a slo 
044 |a SK 
245 1 0 |a Šesťdesiate výročie uzákonenia vysokoškolského vzdelávania učiteľov  |c Soňa Kompoltová 
520 |a Etapy vývoja učiteľského vzdelávania. Úsilie o vysokoškolské vzdelávanie učiteľov v období prvej Československej republiky. Návrhy na riešenie vzdelávania učiteľov národných (elementárnych) škôl. Svojpomocné vzdelávanie učiteľov - školy vysokých štúdií pedagogických (ŠVSP). Zvýšenie úrovne vzdelávania učiteľov na pedagogických akadémiách. Vzdelávanie učiteľov národných škôl v období protektorátu Slovenského štátu. Uzákonenie vysokoškolského vzdelávania učiteľov národných škôl zákonom z 9.4.1946. 
610 2 0 |a vzdelávanie 
610 2 0 |a pedagogika 
610 2 0 |a školstvo 
610 2 0 |a školy vysoké 
610 2 0 |a učitelia 
610 2 0 |a história 
610 2 0 |a vývoj 
610 2 0 |a Slovensko 
100 1 |a Kompoltová, Soňa